|
|
|
|
| LEADER |
00000nam0a2200000 4500 |
| 001 |
86967 |
| 005 |
20231031101943.0 |
| 020 |
|
|
|a RU
|b 86-66254
|
| 035 |
|
|
|a (RuTPU)RU\TPU\book\93373
|
| 090 |
|
|
|a 86967
|
| 100 |
|
|
|a 20051202d1986 km y0rusy5003 ca
|
| 101 |
0 |
|
|a rus
|
| 102 |
|
|
|a RU
|
| 105 |
|
|
|a a z 001zy
|
| 200 |
1 |
|
|a Энергетика в современном мире
|f В. А. Веников, В. Г. Журавлев, Т. А. Филиппова
|
| 210 |
|
|
|a Москва
|c Знание
|d 1986
|
| 215 |
|
|
|a 192 с.
|c ил.
|
| 225 |
1 |
|
|a Народный университет. Естественнонаучный факультет
|
| 320 |
|
|
|a Библиогр.: с. 190 (15 назв.)
|
| 610 |
1 |
|
|a энергетика
|
| 610 |
1 |
|
|a потребители
|
| 610 |
1 |
|
|a энергосистемы
|
| 610 |
1 |
|
|a транспорт
|
| 610 |
1 |
|
|a управление
|
| 675 |
|
|
|a 620.9
|z rus
|
| 700 |
|
1 |
|a Веников
|b В. А.
|g Валентин Андреевич
|
| 701 |
|
1 |
|a Журавлев
|b В. Г.
|g Валерий Георгиевич
|
| 701 |
|
1 |
|a Филиппова
|b Т. А.
|g Тамара Арсентьевна
|
| 801 |
|
0 |
|a RU
|b RuMRKP
|c 19950704
|g psbo
|
| 801 |
|
1 |
|a RU
|b 63413507
|c 20051202
|g PSBO
|
| 801 |
|
2 |
|a RU
|b 63413507
|c 20060117
|g PSBO
|
| 942 |
|
|
|c BK
|